000 01107nam a22002295i 4500
001 154898
003 ES-MaACL
005 20230906205908.0
008 981001s1756 fr a |||| | fre d
040 _aCCPB | B
_bspa
_cCCPB | B
100 1 _aGuignes, Joseph de.
_9127615
245 1 0 _aHistoire Générales des huns, des turcs, des mogols, et des autres tartares occidentaux, avant et depuis J. C.t jusqu'a préesent ; précédée d'une introduction contenant des tables chronologiques & historiques des princes qui ont regné dans l'Asie ... /
_cpar M. De Guignes ... ; tome premiere, seconde partie.
260 _aA Paris :
_bchez Desaint & Saillant,
_c1756.
300 _a8, XCVI, 522 p. :
_bil. ;
_c4º.
597 _aSign.: []4 a-m4 A-Z4, 2A-2Z4, 3A-3T4, 3V1.
597 _aPort. con grab. xil.
599 _aIlustraciones grab. xil.
650 4 _aHunos-
_xHistoria.
_9136249
650 4 _aMongoles-
_xHistoria.
_915168
650 4 _aTártaros-
_xHistoria.
_9136962
852 _aES-MaACL
_jR-1349-53
_z-- Enc. piel
_z-- Ex-libris de la Biblioteca Real
_x-- Edic.: Antep.
_xOlim: G-12055-9
999 _c154898
_d154898